Normal view MARC view

Entry Personal Name

Number of records used in: 2

001 - CONTROL NUMBER

  • control field: 9967

003 - CONTROL NUMBER IDENTIFIER

  • control field: DLC

005 - DATE AND TIME OF LATEST TRANSACTION

  • control field: 20260305114513.0

008 - FIXED-LENGTH DATA ELEMENTS

  • fixed length control field: 180227n| azannaabn |a aaa

010 ## - LIBRARY OF CONGRESS CONTROL NUMBER

  • LC control number: n 2018240834

040 ## - CATALOGING SOURCE

  • Original cataloging agency: DLC
  • Language of cataloging: eng
  • Description conventions: rda
  • Transcribing agency: DLC
  • Modifying agency: DLC

100 1# - HEADING--PERSONAL NAME

  • Personal name: Binīṣ, Putuppaṇaṃ

370 ## - ASSOCIATED PLACE

  • Place of birth: Puthuppanam (India)

372 ## - FIELD OF ACTIVITY

  • Field of activity: Literature
  • Field of activity: Criticism
  • Source of term: lcsh

374 ## - OCCUPATION

  • Occupation: Writers
  • Occupation: literary critics
  • Source of term: lcdgt

377 ## - ASSOCIATED LANGUAGE

  • Language code: mal

400 1# - SEE FROM TRACING--PERSONAL NAME

  • Personal name: Putuppaṇaṃ, Binīṣ

400 1# - SEE FROM TRACING--PERSONAL NAME

  • Personal name: Bineesh, Puthuppanam

400 1# - SEE FROM TRACING--PERSONAL NAME

  • Personal name: Puthuppanam, Bineesh

670 ## - SOURCE DATA FOUND

  • Source citation: Malayāḷiyuṭe adr̥śya sañcāraṅṅaḷ, July 2016:
  • Information found: t.p. (Binīṣ Putuppaṇaṃ) t.p. verso (born in Puthuppanam, Vadakara, Kerala, India; Malayalam author and critic)

670 ## - SOURCE DATA FOUND

  • Source citation: Pālviḷi, October 2017:
  • Information found: t.p. (Binīṣ Putuppaṇaṃ) p. facing t.p. (Bineesh Puthuppanam)

Powered by Koha